| 000 | 00349nam a2200097Ia 4500 | ||
|---|---|---|---|
| 008 | 180130s9999 xx 000 0 und d | ||
| 245 |
_cCrowley, Maeve; Santos, Ines _aWorking with people with PTSD and complex trauma |
||
| 260 | _c2015 | ||
| 300 | _aBook title: Clinical psychology--Acession number C20490; pages 182-196 | ||
| 650 | _aCLINICAL PSYCHOLOGY | ||
| 999 |
_c353950 _d353950 |
||